| Tag |
First Indicator |
Second Indicator |
Subfields |
| LEADER |
00000nam a2200000 4500 |
| 001 |
in00004279021 |
| 005 |
20200813081106.0 |
| 006 |
m g d |
| 007 |
cr bn |||a|bb| |
| 008 |
940429s1661 enk o 00| | eng d |
| 035 |
|
|
|a (UnM)99867019
|
| 037 |
|
|
|a CL0051000005
|b ProQuest Information and Learning. 300 N. Zeeb Rd., Ann Arbor, MI 48106
|
| 040 |
|
|
|a Cu-RivES
|c Cu-RivES
|d CStRLIN
|e dcrb
|d WaOLN
|
| 100 |
1 |
|
|a Brabourne, Theophilus,
|d b. 1590.
|
| 245 |
1 |
4 |
|a The humble petition of Theophilus Brabourn unto the honourable Parliament, that, as all magistrates in the kingdome doe in their office, so bishops may be required in their office to own the Kings supremacy; :
|b the which they not do; as I conceive, and shall presently prove; yet so as I submit all to the wisdome of this honorable House, to correct or reject if they find cause.
|
| 260 |
|
|
|a [London] :
|b Printed for the author,
|c 1661.
|
| 300 |
|
|
|a 1 online resource ([2], 14 pages)
|
| 336 |
|
|
|a text
|b txt
|2 rdacontent
|
| 337 |
|
|
|a computer
|b c
|2 rdamedia
|
| 338 |
|
|
|a online resource
|b cr
|2 rdacarrier
|
| 500 |
|
|
|a Place of publication from Wing.
|
| 500 |
|
|
|a Annotation on Thomason copy: "march. 5".
|
| 500 |
|
|
|a Reproduction of the original in the British Library.
|
| 510 |
4 |
|
|a Wing (2nd edition, 1994)
|c B4093.
|
| 510 |
4 |
|
|a Thomason
|c E.1084[5].
|
| 533 |
|
|
|a Electronic reproduction.
|b Ann Arbor, Mich. :
|c UMI,
|d 1999-
|f (Early English books online)
|n Digital version of: (Thomason Tracts ; 161:E1084[5])
|7 s1999 miun s
|
| 610 |
2 |
0 |
|a Church of England
|x Bishops
|v Early works to 1800.
|
| 610 |
2 |
0 |
|a Church of England
|x Temporal power
|v Early works to 1800.
|
| 650 |
|
0 |
|a Royal supremacy (Church of England)
|v Early works to 1800.
|
| 830 |
|
0 |
|a Early English books online.
|
| 856 |
4 |
0 |
|u http://proxy.library.tamu.edu/login?url=https://search.proquest.com/docview/2240930035
|z Connect to the full text of this electronic book
|t 0
|
| 999 |
f |
f |
|s 8ce1087c-eadb-39e5-84fb-e7d97e2fc58d
|i 857b4b62-dbf0-3d09-98a2-16821b6123d2
|t 0
|
| 952 |
f |
f |
|a Texas A&M University
|b College Station
|c Electronic Resources
|d Available Online
|t 0
|h No information provided
|
| 998 |
f |
f |
|t 0
|l Available Online
|